| 000 | 00573nam a22001937a 4500 | ||
|---|---|---|---|
| 003 | OSt | ||
| 005 | 20180116183034.0 | ||
| 008 | 160209b xxu||||| |||| 00| 0 eng d | ||
| 020 | _a9781784150464 | ||
| 040 | _c0 | ||
| 082 | _a657 ACC 2015 | ||
| 100 | _aKaplan Publishing | ||
| 110 | _aKaplan Publishing | ||
| 245 |
_aACCA Exam Kit Paper F6 Taxation FA14 (TX) _cKaplan Publishing _bExam Kit -1 April 2015 to 31 March 2016 |
||
| 260 |
_aUK _bKaplan Publishing _c2015 |
||
| 300 |
_a474 p. _bPB |
||
| 440 | _aACCA Exam Kit Paper F6 Taxation FA14 (TX) | ||
| 942 |
_2ddc _cBK |
||
| 999 |
_c351124 _d351124 |
||